000 00703nam a2200193Ia 4500
003 GCL
008 140319s9999 xx 000 0 ara d
040 _aGCL /
_cGCL
082 0 4 _a923.162
_bع هـ
100 1 _aعصمت سيف الدولة
245 1 0 _aهل كان عبدالناصر ديكتاتورا /
_cعصمت سيف الدولة
300 _a363 ص
490 _aالهيئة العامة للاستعلامات
_v0
650 0 4 _aالسياسيون المصريون
650 0 4 _aمصر - تاريخ - العصر الحديث - جمال عبدالناصر ( 1954-1970 )
650 0 4 _aجمال عبدالناصر
650 0 4 _aمصر - الاحزاب السياسية
942 _2ddc
_cBK
999 _c52088
_d52088